004170000a220010900045001000016000002450086000163000061001027730029001639420008001929520090002009990017002901 aBrown, Bill10aWhat's a witness to do? : How you can be effective in telling friends about Jesus aVol. 76, Num 3 (Julio-Septiambre, 1996), Páginas 15-160 tLatin America Evangelist cANA 001040708HEMaFUSBCbFUSBCd2016-01-26l0o r2016-01-26 00:00:00w2016-01-26yANA c54981d54981